00203nam a2200085Ia 4500008004100000100001600041245002300057260002200080999001500102170524s9999 xx 000 0 und d aSHAKESPEARE 0aSarvsrast Kahanina bPRAKASHAN- VIBHAG c9263d9263